ديوان إبن حيوس : (رقم التسجيلة. 61530)

تفاصيل مارك
000 -LEADER
fixed length control field 00606nam a22001697a 4500
005 - DATE AND TIME OF LATEST TRANSACTION
control field 20251108171740.0
008 - FIXED-LENGTH DATA ELEMENTS--GENERAL INFORMATION
fixed length control field 250721s1984 xx 000 0 ara d
082 14 - DEWEY DECIMAL CLASSIFICATION NUMBER
Classification number م/811.7/حيو
100 1# - MAIN ENTRY--PERSONAL NAME
Personal name إبن حيوس، مصطفى الدولة أبو الفتيان
245 10 - TITLE STATEMENT
Title ديوان إبن حيوس :
Remainder of title الأمير مصطفى الدولة أبي الفتيان محمد بن سلطان... /
264 1# - PRODUCTION, PUBLICATION, DISTRIBUTION, MANUFACTURE, AND COPYRIGHT NOTICE
Place of production, publication, distribution, manufacture بيروت :
Name of producer, publisher, distributor, manufacturer دار صادر،
Date of production, publication, distribution, manufacture, or copyright notice 1984.
300 ## - PHYSICAL DESCRIPTION
Extent ج1.ج2
650 17 - SUBJECT ADDED ENTRY--TOPICAL TERM
Topical term or geographic name as entry element الشعر الفاطمي
700 1# - ADDED ENTRY--PERSONAL NAME
Personal name بك، خليل مردم
Relator term محقق
942 ## - ADDED ENTRY ELEMENTS (KOHA)
Source of classification or shelving scheme Dewey Decimal Classification
Koha item type مراجع
المقتنيات
حالة السحب حالة الفقدان مصدر التصنيف حالة التلف غير قابل للإعارة المكتبة الرئيسية المكتبة الحالية موقع الرف تاريخ التزويد الرقم المتسلسل Total Checkouts رقم الإستدعاء الباركود تاريخ آخر ظهور تاريخ الفاتورة نوع المادة (كوها)
    Dewey Decimal Classification   Not For Loan مكتبة الأميرة ايمان العامة مكتبة الأميرة ايمان العامة مراجع 30/09/2013 [9390]   م/811.7/حيو PLD00280852 28/07/2025 30/09/2013 مراجع
    Dewey Decimal Classification   Not For Loan مكتبة الأميرة ايمان العامة مكتبة الأميرة ايمان العامة مراجع 28/10/2013 [9391]   م/811.7/حيو PLD00284285 28/07/2025 28/10/2013 مراجع
    Dewey Decimal Classification   Not For Loan مكتبة صويلح العامة مكتبة صويلح العامة مراجع 01/12/2018 1696351   م/811.7/حيو PLD00439613 28/07/2025 01/12/2018 مراجع
    Dewey Decimal Classification   Not For Loan مكتبة صويلح العامة مكتبة صويلح العامة مراجع 01/12/2018 1696352   م/811.7/حيو PLD00439614 28/07/2025 01/12/2018 مراجع
Implemented & Customized by: BBB with SCIT (Smart Chains for Information Technology)

Powered by Koha